Fitness education for children : (Record no. 99251)
[ view plain ]
| 000 -LEADER | |
|---|---|
| fixed length control field | 01179cam a2200313 a 4500 |
| 001 - CONTROL NUMBER | |
| control field | 16727259 |
| 003 - CONTROL NUMBER IDENTIFIER | |
| control field | URS |
| 005 - DATE AND TIME OF LATEST TRANSACTION | |
| control field | 20260326151012.0 |
| 008 - FIXED-LENGTH DATA ELEMENTS--GENERAL INFORMATION | |
| fixed length control field | 110408s2012 ilua b 001 0 eng |
| 010 ## - LIBRARY OF CONGRESS CONTROL NUMBER | |
| LC control number | 2011015255 |
| 020 ## - INTERNATIONAL STANDARD BOOK NUMBER | |
| International Standard Book Number | 9781450402552 |
| Qualifying information | soft cover |
| 020 ## - INTERNATIONAL STANDARD BOOK NUMBER | |
| International Standard Book Number | 1450402550 |
| Qualifying information | soft cover |
| 040 ## - CATALOGING SOURCE | |
| Original cataloging agency | DLC |
| Transcribing agency | DLC |
| Modifying agency | YDX |
| -- | UIU |
| -- | YDXCP |
| -- | CDX |
| -- | DLC |
| Language of cataloging | eng |
| Description conventions | rda |
| 050 14 - LIBRARY OF CONGRESS CALL NUMBER | |
| Classification number | GV443 |
| Item number | .V8191 2012 |
| 100 1# - MAIN ENTRY--PERSONAL NAME | |
| Personal name | Virgilio, Stephen J. |
| 245 10 - TITLE STATEMENT | |
| Title | Fitness education for children : |
| Remainder of title | a team approach / |
| Statement of responsibility, etc. | Stephen J. Virgilio.- |
| 250 ## - EDITION STATEMENT | |
| Edition statement | Second edition- |
| 264 #1 - PRODUCTION, PUBLICATION, DISTRIBUTION, MANUFACTURE, AND COPYRIGHT NOTICE | |
| Place of production, publication, distribution, manufacture | Champaign, IL : |
| Name of producer, publisher, distributor, manufacturer | Human Kinetics, |
| Date of production, publication, distribution, manufacture, or copyright notice | c2012. |
| 300 ## - PHYSICAL DESCRIPTION | |
| Extent | xi, 259 pages: |
| Other physical details | illustrations; |
| Dimensions | 28 cm |
| 336 ## - CONTENT TYPE | |
| Content type term | text |
| Content type code | txt |
| Source | rdacontent |
| 337 ## - MEDIA TYPE | |
| Media type term | unmediated |
| Media type code | n |
| Source | rdamedia |
| 338 ## - CARRIER TYPE | |
| Carrier type term | volume |
| Carrier type code | nc |
| Source | rdacarrier |
| 504 ## - BIBLIOGRAPHY, ETC. NOTE | |
| Bibliography, etc. note | Includes bibliographical references and index. |
| 650 #0 - SUBJECT ADDED ENTRY--TOPICAL TERM | |
| Topical term or geographic name entry element | Physical fitness for children |
| General subdivision | Study and teaching |
| Geographic subdivision | United States. |
| 650 #0 - SUBJECT ADDED ENTRY--TOPICAL TERM | |
| Topical term or geographic name entry element | Physical education for children |
| General subdivision | Study and teaching |
| Geographic subdivision | United States. |
| 650 #0 - SUBJECT ADDED ENTRY--TOPICAL TERM | |
| Topical term or geographic name entry element | Curriculum planning |
| Geographic subdivision | United States. |
| 650 #0 - SUBJECT ADDED ENTRY--TOPICAL TERM | |
| Topical term or geographic name entry element | Teaching teams |
| Geographic subdivision | United States. |
| 942 ## - ADDED ENTRY ELEMENTS (KOHA) | |
| Source of classification or shelving scheme | Library of Congress Classification |
| Koha item type | Foreign Books |
| Edition | second edition |
| Classification part | GV443 |
| Item part | .V8191 2012 |
| Withdrawn status | Source of classification or shelving scheme | Damaged status | Not for loan | Home library | Current library | Shelving location | Date acquired | Total Checkouts | Full call number | Barcode | Date last seen | Price effective from | Koha item type |
|---|---|---|---|---|---|---|---|---|---|---|---|---|---|
| Library of Congress Classification | Angono College Library | Angono College Library | Foreign Section | 03/19/2026 | GV443 .V8191 2012 | URSANG-3076 | 03/19/2026 | 03/19/2026 | Foreign Books |